| 000 | 00358pab a2200157 454500 | ||
|---|---|---|---|
| 008 | 180718b2014 xxu||||| |||| 00| 0 eng d | ||
| 100 | _aMajumdar, Ashima | ||
| 245 | _aConcept and nature of informal sector | ||
| 260 | _c2014 | ||
| 300 | _ap.51-54. | ||
| 362 | _aOct | ||
| 650 | _aInformal sector | ||
| 773 | _aYojana | ||
| 908 | _aN | ||
| 909 | _a106201 | ||
| 999 |
_c106196 _d106196 |
||